Memory and storage / (Record no. 348054)

000 -LEADER
fixed length control field 00628 a2200205 4500
020 ## - INTERNATIONAL STANDARD BOOK NUMBER
International Standard Book Number 0809475987 (hardcover)
020 ## - INTERNATIONAL STANDARD BOOK NUMBER
International Standard Book Number 9780809475988 (hardcover)
082 04 - DEWEY DECIMAL CLASSIFICATION NUMBER
Classification number 621.397
090 ## - LOCALLY ASSIGNED LC-TYPE CALL NUMBER (OCLC); LOCAL CALL NUMBER (RLIN)
-- 5652
-- 5652
100 1# - MAIN ENTRY--PERSONAL NAME
Personal name Books, Time-Life.
245 10 - TITLE STATEMENT
Title Memory and storage /
Statement of responsibility, etc. Time-Life Books.
250 ## - EDITION STATEMENT
Edition statement Revised ed.
260 ## - PUBLICATION, DISTRIBUTION, ETC.
Place of publication, distribution, etc. [S.l.] :
Name of publisher, distributor, etc. Time Life Education,
Date of publication, distribution, etc. 1990.
300 ## - PHYSICAL DESCRIPTION
Extent 128 p. ;
Dimensions 28 cm.
490 1# - SERIES STATEMENT
Series statement Understanding computers.
520 ## - SUMMARY, ETC.
Summary, etc. book.
830 #0 - SERIES ADDED ENTRY--UNIFORM TITLE
Uniform title Understanding computers.
856 40 - ELECTRONIC LOCATION AND ACCESS
Materials specified Amazon.com
Uniform Resource Identifier <a href="http://www.amazon.com/exec/obidos/ASIN/0809475987/chopaconline-20">http://www.amazon.com/exec/obidos/ASIN/0809475987/chopaconline-20</a>
942 ## - ADDED ENTRY ELEMENTS (KOHA)
Institution code [OBSOLETE] NBS
Koha item type Book
Call number prefix 621.397 TLB
Holdings
Withdrawn status Lost status Damaged status Not for loan Permanent Location Current Location Date acquired Total Checkouts Full call number Barcode Date last seen Date last checked out Price effective from Koha item type
        Central Library (CL) Central Library (CL) 08/28/2013 1 621.397 TLB NBSD-1585 11/22/2017 07/18/2017 08/28/2013 Reference
© 2023 Central Library, National University of Sciences and Technology. All Rights Reserved.